| 000 | 00668nam a2200265 a 4500 | ||
|---|---|---|---|
| 003 | AR-BaBNM | ||
| 005 | 20251128202946.0 | ||
| 008 | 082120s2002 ||||||||||||||000 | spa|| | ||
| 040 | _cAR-BaBNM | ||
| 100 | 1 | _aGuerrero, César H. | |
| 245 | 0 | 0 |
_aSarmiento _bhistoriador y biógrafo |
| 260 |
_aBuenos Aires _bEl Ateneo _c1950 |
||
| 300 | _a218 p. | ||
| 504 | _aBibliografía consultada: p. 217-218 | ||
| 650 | 4 | _aBIOGRAFIAS | |
| 650 | 4 | _aGENEROS LITERARIOS | |
| 650 | 4 | _aHISTORIA | |
| 650 | 4 | _aLITERATURA | |
| 650 | 4 | _aHISTORIADORES | |
| 650 | 4 | _aHISTORIA DE LAS IDEAS | |
| 651 | 4 | _aArgentina | |
| 655 | _aBIOGRAFIAS | ||
| 942 | _cBK | ||
| 998 | _cEnrique | ||
| 999 |
_c1276 _d1276 |
||